000 00654nam a2200277Ia 4500
005 20260324123612.0
008 008 260324s9999 xx 000 0 eng d
020 _a9781315091808
037 _aEBOOK
040 _aCRL
040 _beng
040 _cCRL
041 _2eng
041 _aeng
084 _qCRL
100 _aAmy Bauer
_91170933
245 0 _aLigeti's Laments: Nostalgia, Exoticism, and the Absolute
260 _bTaylor and Francis
260 _c2011
365 _a
365 _b240
856 _uhttp://www.taylorfrancis.com/books/9781315091808
942 _cEBOOK
999 _c1764604
_d1764604